| 000 | 00518cam a2200205ua 4500 | ||
|---|---|---|---|
| 001 | 1142 | ||
| 005 | 20260515113303.0 | ||
| 008 | 110429n ii |||gr||||Z||||||eng | ||
| 020 | _a81-220-0013-4 | ||
| 040 | _cMAIN | ||
| 082 | _a332.4 | ||
| 245 | 1 |
_aMoney banking and international trade. _cBy M L Jhingan. |
|
| 250 | _a2nd. | ||
| 260 |
_aDelhi.: _bKonark.,986. |
||
| 300 |
_a491 p.: _c25 cm. |
||
| 653 | _aEconomics. | ||
| 653 | _aMoney banking and international trade. | ||
| 700 | _aJhingan, M N., | ||
| 942 | _cBK | ||
| 999 |
_c1054 _d1054 |
||